New methods for maximizing the smallest eigenvalue of the grounded Laplacian matrix

Elmentve itt :
Bibliográfiai részletek
Szerzők: Anaqreh Ahmad
Gazdag-Tóth Boglárka
Vinkó Tamás
Dokumentumtípus: Cikk
Megjelent: 2024
Sorozat:ANNALES MATHEMATICAE ET INFORMATICAE 60
Tárgyszavak:
doi:10.33039/ami.2024.02.001

mtmt:34572720
Online Access:http://publicatio.bibl.u-szeged.hu/36643
LEADER 00801nab a2200229 i 4500
001 publ36643
005 20250505145635.0
008 250505s2024 hu o 000 eng d
022 |a 1787-5021 
024 7 |a 10.33039/ami.2024.02.001  |2 doi 
024 7 |a 34572720  |2 mtmt 
040 |a SZTE Publicatio Repozitórium  |b hun 
041 |a eng 
100 1 |a Anaqreh Ahmad 
245 1 0 |a New methods for maximizing the smallest eigenvalue of the grounded Laplacian matrix  |h [elektronikus dokumentum] /  |c  Anaqreh Ahmad 
260 |c 2024 
300 |a 10-18 
490 0 |a ANNALES MATHEMATICAE ET INFORMATICAE  |v 60 
650 4 |a Számítás- és információtudomány 
700 0 2 |a Gazdag-Tóth Boglárka  |e aut 
700 0 2 |a Vinkó Tamás  |e aut 
856 4 0 |u http://publicatio.bibl.u-szeged.hu/36643/2/ad.pdf  |z Dokumentum-elérés